00337nam a2200121Ia 4500008004100000041000800041082001200049100002200061245001900083260005100102300001900153520004300172240719s9999 xx 000 0 und d aeng a828 CHA aChaturvedi, B. K. aChanakya Neeti aNew DelhibDiamond Pocket Books Pvt. Ltdc2013 a165.; P 24 Cm. aGifted By : IMT Faculty Dr. Pawan Jain